000 00662nam a2200241Ia 4500
005 20260430150323.0
008 008 250103s9999 xx 000 0 eng d
037 _aTheses
040 _aCRL
040 _beng
040 _ceng
041 _2eng
041 _aeng
084 _qCRL
100 _aKhan Abroo Au.; Mishra Siddhartha Gu.
_91237136
245 0 _aRape Victims a Critical Study of Protective and Rehabilitative Provisions in Law and Judicial Approach in India
260 _c2023
300 _a301
650 _aLaw
700 _aUniversity of Delhi. Faculty of Law. Deptt. of Law
_91236414
942 _cTH
999 _c1849502
_d1849502